000 01784nam a22002417a 4500
001 5977
003 FISKH
005 20250218091843.0
008 250218b cb ||||| |||| 00| 0 eng d
020 _a9780593542903
_c$17.00
040 _aFISKH
_beng
_cFISKH
_dFISKH
050 _aQ173.M965
082 _a502.07
100 _aMunroe, Randall
245 _aWhat If? :
_bAdditional serious scientific answers to absurd hypothetical questions /
_cRandall Munroe
260 _aNew York :
_bRiverhead Books,
_c2022.
300 _a354 pages :
_billustrations ;
_c23 cm
520 _a"Millions of people visit xkcd.com each week to read Randall Munroe's iconic webcomic. His stick-figure drawings about science, technology, language, and love have a large and passionate following. Fans of xkcd ask Munroe a lot of strange questions. What if you tried to hit a baseball pitched at 90 percent the speed of light? How fast can you hit a speed bump while driving and live? If there was a robot apocalypse, how long would humanity last? In pursuit of answers, Munroe runs computer simulations, pores over stacks of declassified military research memos, solves differential equations, and consults with nuclear reactor operators. His responses are masterpieces of clarity and hilarity, complemented by signature xkcd comics. They often predict the complete annihilation of humankind, or at least a really big explosion. The book features new and never-before-answered questions, along with updated and expanded versions of the most popular answers from the xkcd website. What If? will be required reading for xkcd fans and anyone who loves to ponder the hypothetical. "
650 _aWhat if
_vNon-fiction
650 _aPhysics
_vGeneral science
942 _2ddc
_cBK
_n0
999 _c5977
_d5977